000 00405pab a2200169 454500
008 180718b2011 xxu||||| |||| 00| 0 eng d
100 _aGopalan, V.
245 _aIll effects of black money on growth of economy
260 _c2011
300 _ap.696-697.
362 _aAug
650 _aEconomic growth
650 _aBlack money
773 _aManagement Accountant
908 _aN
909 _a93127
999 _c93127
_d93127